00498nam a2200193 a 4500001001300000003000900013005001700022008004100039020001000080082001500090100002100105245004000126260003700166300000900203500003500212505001000247650002600257700002100283nice12345678IN_TiNIC20260116011523.0050524s1907 lona grp 000 0 eng  ac10000a323.8bCAR aGarvie, Alfred E aStudies in the Inner Life of Jesus. aLondonbHodder & Stoughtonc1907 a543p aincludes index and biblioraphy2 aIndex aJesus Christ-Divinity1 aGarvie, Alfred E